| 000 | 00665nam a2200253Ia 4500 | ||
|---|---|---|---|
| 003 | OSt | ||
| 005 | 20220918170006.0 | ||
| 006 | a|||||r|||| 00| 0 | ||
| 007 | ta | ||
| 008 | 220917b |||||||| |||| 00| 0 eng d | ||
| 020 | _a8186653112 | ||
| 024 | _a2,188 | ||
| 037 | _cTextual | ||
| 040 |
_aARTS _cARTS _beng |
||
| 041 |
_2eng _aeng |
||
| 082 | _aY:32175.2, N8 | ||
| 100 |
_aMishra Ratan Lal _926637 |
||
| 245 | 0 | _aRulers and their beloved concubines | |
| 260 |
_aJaipur _bINA Shree Pub India _c1998 |
||
| 300 |
_a185 p. _ccm. |
||
| 650 | _aSOCIOLOGY | ||
| 942 |
_hY:32175.2, N8 _cTEXL _2CC |
||
| 999 |
_c132222 _d132222 |
||